000 00305nam a2200133Ia 4500
005 20251222144734.0
008 251222s9999||||xx |||||||||||||| ||spa||
020 _a0-673-12495-9
082 _a428/S3P
100 _aForesma, Scott
245 0 _aMy Pictionary:
264 _bScott Foresman
942 _cLIB
999 _c18700
_d18700